Central Library OPAC University of Rajshahi

Economics : (Record no. 1960)

MARC details
000 -LEADER
fixed length control field 00901nam a2200265 i 4500
001 - CONTROL NUMBER
control field 1960
003 - CONTROL NUMBER IDENTIFIER
rucl marc code BD-RjUL
005 - DATE AND TIME OF LATEST TRANSACTION
control field 20211208233442.0
008 - FIXED-LENGTH DATA ELEMENTS--GENERAL INFORMATION
fixed length control field 131210s1977 nyua 001 0 eng
020 ## - INTERNATIONAL STANDARD BOOK NUMBER
International Standard Book Number 0155188127
035 ## - SYSTEM CONTROL NUMBER
System control number (BD-RjUL)1987
040 ## - CATALOGING SOURCE
Original cataloging agency DLC
Transcribing agency DLC
Modifying agency DLC
-- BD-RjUL
Language of cataloging eng
041 ## - LANGUAGE CODE
Language code of text/sound track or separate title eng
082 00 - DEWEY DECIMAL CLASSIFICATION NUMBER
Classification number 330
Edition number 16
Author mark and year BAE 1977
100 1# - MAIN ENTRY--PERSONAL NAME
Personal name Barkley, Paul W.
9 (RLIN) 6474
245 10 - TITLE STATEMENT
Title Economics :
Remainder of title the way we choose /
Statement of responsibility, etc. Paul W. Barkley ; under the general editorship of William J. Baumol ; [ill. by Eric G. Heiber, cartoons by Sidney Harris].
260 ## - PUBLICATION, DISTRIBUTION, ETC. (IMPRINT)
Place of publication, distribution, etc. New York :
Name of publisher, distributor, etc. Harcourt Brace Jovanovich ,
Date of publication, distribution, etc. c1977.
300 ## - PHYSICAL DESCRIPTION
Pagination xix, 652 p. :
Illustrations ill. ;
Size 25 cm.
504 ## - BIBLIOGRAPHY, ETC. NOTE
Bibliography, etc Includes index.
650 #0 - SUBJECT ADDED ENTRY--TOPICAL TERM
Topical term or geographic name as entry element Economics.
9 (RLIN) 6475
856 ## - ELECTRONIC LOCATION AND ACCESS
Uniform Resource Identifier <a href="http://www.worldcat.org/title/economics-the-way-we-choose/oclc/2979270&referer=brief_results">http://www.worldcat.org/title/economics-the-way-we-choose/oclc/2979270&referer=brief_results</a>
942 ## - ADDED ENTRY ELEMENTS (KOHA)
Source of classification or shelving scheme Dewey Decimal Classification
Koha item type Books
Holdings
Lost status Source of classification or shelving scheme Damaged status Not for loan Collection code Permanent Location Current Location Shelving location Date acquired Source of acquisition Total Checkouts Full call number Date last seen Copy number Koha item type
  Dewey Decimal Classification   Not For Loan Non-fiction Central Library, University of Rajshahi Central Library, University of Rajshahi Reading Room 13/06/1985 Arif   330 BAE 1977 10/12/2013 C-1 Books